Обращение с отходами производства и потребления предприятий г. Салават; Безопасность жизнедеятельности; № 8

מידע ביבליוגרפי
Parent link:Безопасность жизнедеятельности: научно-практический и учебно-методический журнал.— , 2001-
№ 8.— 2004.— С. 40-43
מחבר ראשי: Власова И. Л.
שפה:רוסית
יצא לאור: 2004
סדרה:Экологическая безопасность
נושאים:
פורמט: MixedMaterials Book Chapter
KOHA link:https://koha.lib.tpu.ru/cgi-bin/koha/opac-detail.pl?biblionumber=394174

MARC

LEADER 00000naa2a2200000 4500
001 394174
005 20231101064457.0
035 |a (RuTPU)RU\TPU\prd\30762 
090 |a 394174 
100 |a 20041207a2004 k y0rusy50 ca 
101 0 |a rus 
102 |a RU 
200 1 |a Обращение с отходами производства и потребления предприятий г. Салават  |f И. Л. Власова 
225 1 |a Экологическая безопасность 
320 |a Библиогр.: 6 назв. 
461 1 |0 (RuTPU)RU\TPU\prd\1137  |t Безопасность жизнедеятельности  |o научно-практический и учебно-методический журнал  |d 2001- 
463 1 |0 (RuTPU)RU\TPU\prd\28035  |t № 8  |v С. 40-43  |d 2004 
610 1 |a Салават 
610 1 |a предприятия 
610 1 |a производство 
610 1 |a промышленные отходы 
610 1 |a ресурсооборот 
610 1 |a природоохранная деятельность 
610 1 |a анализ 
610 1 |a экологическая безопасность 
675 |a 368/502  |v 3 
700 1 |a Власова  |b И. Л. 
801 1 |a RU  |b 63413507  |c 20041207  |g PSBO 
942 |c BK